000 00758nam a22002057a 4500
005 20251108175435.0
008 250721s2012 xx 000 0 ara d
082 1 4 _a956.0669/شان
100 1 _aشاندور، ألبير
245 1 0 _aصلاح الدين الأيوبي من ذهنية الإلغاء إلى ذهنية التحريم /
264 1 _aدمشق :
_bالنايا للدراسات والنشر والتوزيع،
_c2012.
300 _a271 ص.
650 1 7 _aالأيوبيون 1252-1174
650 1 7 _aالتاريخ الإسلامي
650 1 7 _aتحرير صلاح الدين للقدس 1187
650 1 7 _aالحروب الصليبية
700 1 _aأبو الحسن، سعيد
_eمترجم
942 _2ddc
_cBK
999 _c134164
_d134164